| 000 | 00646cam a2200229 a 4500 | ||
|---|---|---|---|
| 001 | 000017435 | ||
| 003 | DO-SdBNP | ||
| 005 | 20250702093544.0 | ||
| 008 | 790417s1932 gw 000 1 eng | ||
| 035 | _a(DLC) 32007609 | ||
| 035 | _a(OCoLC)4865301 | ||
| 040 |
_aDO-SdBNP _beng _cGEU _dGEU _dBNPHU |
||
| 049 | _aBNGR | ||
| 050 | 0 | 0 |
_aPZ3.A4372 _bPo2 _aPR6001.L678 |
| 082 |
_aNN _bA437 |
||
| 100 | 1 |
_aAllingham, Margery, _d1904-1966. _938119 |
|
| 245 | 1 | 0 |
_aPolice at the funeral / _cMargery Allinghan. |
| 260 |
_aLeipzig : _bBernhard Tauchnitz, _c1932. |
||
| 300 |
_a302 p. ; _c16 cm. |
||
| 910 | _aCatalogación derivada | ||
| 942 |
_2ddc _cLBS1 |
||
| 999 |
_c16960 _d16960 |
||